000 00349nam a2200145Ia 4500
008 230711s9999||||xx |||||||||||||| ||und||
041 _aENG
082 _a5
_bTU-C
100 _aTurbo E
245 0 _aC programming
250 _a3rd
260 _c1989
_aNew York
_bPrentice-Hall of India Private Limited
650 _aComputer Engineering
942 _cBK
999 _c622
_d622